000 00275nam a2200121Ia 4500
008 190216s9999||||xx |||||||||||||| ||und||
100 _aDevendra Sathyayem
245 0 _aHindi-Shui Bajar
260 _bJ K Book Centre
_c2008
300 _a176
650 _aHindi
942 _cBK
999 _c16676
_d16676